Clic Académiciens ou Non ? (4) - Statistiques

Statistiques générales
  • Ce quiz a été pris 4 fois
  • Le résultat moyen est 15 sur 30
Statistiques - réponses
Hint Réponse % Correct
Marcel Pagnol (1895-1974) Académicien(ne)
100%
Pierre Loti (1850-1923) Académicien(ne)
100%
Eugène Ionesco (1909-1994) Académicien(ne)
100%
Patrick Grainville (1947) Académicien(ne)
100%
Ferdinand Foch (1851-1929) Académicien(ne)
100%
Claude Farrère (1876-1957) Académicien(ne)
100%
Jean de La Bruyère (1895-1982) Académicien(ne)
100%
Marcel Achard (1899-1974) Académicien(ne)
67%
Pierre Benoit (1886-1962) Académicien(ne)
67%
Alexandre Dumas (fils) (1824-1895) Académicien(ne)
67%
Anatole France (1844-1924) Académicien(ne)
67%
Jules Romains (1885-1972) Académicien(ne)
67%
André Maurois (1885-1967) Académicien(ne)
67%
Émile Littré (1801-1881) Académicien(ne)
33%
Jean de La Fontaine (1621-1695) Académicien(ne)
33%
Paul Deschanel (1855-1922) Académicien(ne)
33%
Xavier Darcos (1947) Académicien(ne)
33%
Alphonse Allais (1858-1929) Pas Académicien(ne)
33%
Pierre Gassendi (1592-1655) Pas Académicien(ne)
33%
Honoré de Balzac (1799-1850) Pas Académicien(ne)
33%
Louis de Rouvroy de Saint-Simon (1675-1755) Pas Académicien(ne)
33%
Claude-Adrien Helvétius (1715-1771) Pas Académicien(ne)
33%
Frédérique Hébrard (1927-2023) Pas Académicien(ne)
33%
Hégésippe Moreau (1810-1838) Pas Académicien(ne)
33%
Charles Perrault (1628-1703) Académicien(ne)
0%
Jules Michelet (1798-1874) Pas Académicien(ne)
0%
Gaston Leroux (1868-1927) Pas Académicien(ne)
0%
Paul Guth (1910-1997) Pas Académicien(ne)
0%
Saint-John Perse (1887-1975) Pas Académicien(ne)
0%
Alexandre Dumas père (1802-1870) Pas Académicien(ne)
0%
Aucun quiz correspondant
Distribution des résultats
% des personnes avec chaque résultat
Percentile par nombre de réponses
Votre historique - résultats
Vous n’avez pas pris ce quiz